Nozioni di stilistica e letteratura : ad uso delle scuole secondarie
Gespeichert in:
| 1. Verfasser: | |
|---|---|
| Format: | Buch |
| Sprache: | Italienisch |
| Erschienen: |
Roma :
Albrighi, Segati e C.,
1924
|
| Katalog: | EDISCO: Suchergebnis im Bibliothekskatalog |
| Schulbuchspezifische Eigenschaften: |
|
| Schlagworte: | |
| Tags: |
Tag hinzufügen
Keine Tags, Fügen Sie den ersten Tag hinzu!
|
| Hinzugefügt zu: | 30.04.2016 |
| Geändert in: | 06.12.2017 |
MARC
| LEADER | 00000aam a22000005 4500 | ||
|---|---|---|---|
| 001 | 09586 | ||
| 003 | OSt | ||
| 005 | 20171206135039.0 | ||
| 008 | 160501s1924 it 000 0 ita | ||
| 999 | |c 9575 |d 9575 | ||
| 040 | |c Elena Facco - Padova - CUBI | ||
| 041 | 1 | |a ita | |
| 100 | |a Casini, Tommaso |9 321 |e Author | ||
| 245 | 0 | 0 | |a Nozioni di stilistica e letteratura : |b ad uso delle scuole secondarie / |c Tommaso Casini |
| 260 | |a Roma : |b Albrighi, Segati e C., |c 1924 | ||
| 300 | |a 215 p., 1/1 ; |c in 8° | ||
| 510 | 3 | |a L. 5 | |
| 546 | |a ita | ||
| 650 | |a Italiano |9 9 | ||
| 655 | |a Letteratura |9 10 | ||
| 690 | |a Secondaria inferiore |9 320 | ||
| 901 | |a 5 | ||
| 942 | |2 ddc |c BK | ||
| 999 | |c edisco:9575 |d 9575 | ||